000 00900nam a22002417a 4500
005 20081020153912.0
008 081020t xxu||||| |||| 00| 0 eng d
010 _aENG-84156
020 _a8185931704
020 _c450.00 (pbk)
035 _aEN-67689
082 _a519.2
100 _aAthreya, Krishna B
245 _aProbability theory /
_cby Krishna B Athreya and Soumendra N Lahiri
260 _aNew Delhi
_bHindustan Book Agency
_eP 19, Green Park Extension, New Delhi-110016
260 _c2006
300 _axv,416p
_c23cm
490 _aTexts and readings in mathematics
500 _aIncludes bibliographical references and index
700 _aLahiri, Soumendra N
_cjt auth
942 _2ddc
_cEN
_h519.2
_mATH
999 _c17119
_d17119